Word Ladder: Hoisted by My Own Petard! Quiz Stats

Quiz Updated Jun 29, 2016

Challenge
Share
Tweet
Embed
Score 0/26 Timer 04:00
1 Play Today
Hint 4-Letter Word % Correct
Move hand to and fro in greeting WAVE
97.5%
Large farm building used for housing livestockBARN
97%
Existing as a result of birthBORN
96.7%
Long-eared mammal that resembles a large rabbitHARE
96.6%
Misplace, as in car keysLOSE
95.2%
Without accompaniment, solitaryLONE
95.1%
To have formed fabric by interlacing threads WOVE
95%
To have sported a garmentWORE
94.9%
✍ to ____ the engineer Hoist with his own petard. ✍HAVE
94%
One-eighth of a gallonPINT
93.6%
Spun thread used for knittingYARN
92.8%
Animal flesh used as foodMEAT
91.8%
Financial deficit, debitLOSS
91.1%
Hint 4-Letter Word % Correct
Boggy soil-like material PEAT
90.1%
Small flowerless green plant of damp climatesMOSS
90%
Confined, repressed PENT
89.6%
✍ Oh, ’tis ____ sweet ✍MOST
84.1%
✍ two crafts directly ____. ✍MEET
81.2%
Cotton waste produced by ginning LINT
79%
✍ When in one ____LINE
78.4%
Something that is helpful or beneficialBOON
77.8%
Having no practical significance or importanceMOOT
76.2%
✍ And blow them at the ____. ✍MOON
74.1%
✍ one ____ below their mines, ✍YARD
70.5%
✍ And ’t shall go ____, But I will delve ✍HARD
70.4%
✍ Let it ____, For ’tis the sport ✍WORK
35%

Today's Daily Dose

Missing Word
1971 Movies A-Z

Word Ladder
Complete Tour

Quick Pick
Logo Colors

On This Day
January 19th

You're not logged in!

Compare scores with friends on all Sporcle quizzes.
Sign Up with Email
OR
Log In

You Might Also Like...

Show Comments

Extras

Top Quizzes Today


Score Distribution

Your Account Isn't Verified!

In order to create a playlist on Sporcle, you need to verify the email address you used during registration. Go to your Sporcle Settings to finish the process.